000 005530000a22001810004500
003 MACL
005 20160302161416.0
008 160302b xxu||||| |||| 00| 0 eng d
040 _aMACL
_cMACL
041 _aHindi
082 _a891.431
100 _aभारती धर्मवीर
_940774
245 _aगुनाहों का देवता
260 _bभारतीय ज्ञानपीठ प्रकाशन
_c1983
_aनई दिल्‍ली
350 _a20
650 _aNovel
_942185
942 _cHIN
_k891.433
_2ddc
999 _c27554
_d27554